000 00572nam a2200205Ia 4500
005 20250923144644.0
008 008 250917s9999 xx 000 0 eng d
037 _aTextual
040 _aDSWL
_beng
_cDSWL
041 _aeng
_2eng
084 _aY172:NM2, J1
_qDSWL
100 _aElwin, Verrier
_9827059
245 0 _aTribal art of middle India
_cby Verrier Elwin
260 _aLondon
_bOxford University Press
_c1951
300 _a213p.
365 _aINR
_b20
925 _g20
942 _cTEXL
_hY172:NM2, J1
999 _c1441688
_d1441688